000 00465nam a2200181Ia 4500
001 8577
005 20260306160619.0
008 260306t2003||||xx |||||||||||||| ||spa||
041 _aESP
082 _a370.15
_bN25
100 _aNavarrete, Mariana E.
_eAUT
245 0 _aEstimulación y aprendizaje:
_bEstimulación temprana: prevención, rehabilitación
260 _c2003
300 _a
_c28 cm.
650 _aGEN
654 _aCED
942 _cLIB
_dJUS
_fJUS
_2ddc
_n
999 _c8577
_d8577